Statistics for Places in U.S. TV Shows

Click here to take the quiz!

General Stats

  • This quiz has been taken 15,912 times
    (10,440 since last reset)
  • The average score is 10 of 22

Answer Stats

PlaceTV Show% Correct
Central PerkFriends
93%
Seattle Grace HospitalGrey's Anatomy
73%
Burns ManorThe Simpsons
71%
The Chum Bucket
SpongeBob SquarePants
69%
Schrute FarmsThe Office
67%
WinterfellGame of Thrones
63%
The Upside DownStranger Things
62%
The Drunken ClamFamily Guy
61%
Los Pollos Hermanos
Breaking Bad
58%
MacLaren's PubHow I Met Your Mother
44%
The Holodeck
Star Trek:
The Next Generation
37%
Frozen Banana StandArrested Development
34%
Top of the Muffin to You!Seinfeld
33%
Paddy's Pub
It's Always Sunny
in Philadelphia
32%
Bada Bing!The Sopranos
30%
The Peach PitBeverly Hills, 90210
26%
Tom's RhinoplastySouth Park
26%
LaRusso Auto GroupCobra Kai
24%
Café NervosaFrasier
20%
Elzar's Fine CuisineFuturama
20%
The HellmouthBuffy the Vampire Slayer
16%
Dillon High SchoolFriday Night Lights
10%

Score Distribution

Percentile by Number Answered

Percent of People with Each Score

Your Score History

You have not taken this quiz since the last reset